000 00474nam a22001817a 4500
003 CEME
005 20210628202541.0
008 210122b xxu||||| |||| 00| 0 eng d
020 _a81-7008-437-7
040 _c.
082 _a621.4021 RAJ
100 _aRajput, R.K
_9936
245 _aA textbook of engineering thermodynamics
260 _aNEW DELHI
_bLAXMI PUBLICATION
_c2003
300 _aXII,850 P
650 _aENGINEERING THERMODYNAMICS
_959703
942 _cBK
_2ddc
999 _c570158
_d570158